Normal view
MARC view
Entry Personal Name
001 - CONTROL NUMBER
- control field: 12027
003 - CONTROL NUMBER IDENTIFIER
- control field: ARRUPE
005 - DATE AND TIME OF LATEST TRANSACTION
- control field: 20141002173225.0
008 - FIXED-LENGTH DATA ELEMENTS
- fixed length control field: 141002|| aca||aabn | a|a d
040 ## - CATALOGING SOURCE
- Original cataloging agency: ARRUPE
- Transcribing agency: ARRUPE
100 ## - HEADING--PERSONAL NAME
- Personal name: Johnson, Frederick Ernest,
- Dates associated with a name: 1884-
- Relator term: ed.
670 ## - SOURCE DATA FOUND
- Source citation: Work cat.: (ARRUPE)0: Jewish Theological Seminary of America. Institute for Religious and Social Studies. 12024, Patterns of ethics in America today,, [1960]